000 00250nam a2200097Ia 4500
001 1169788
005 20250827012507.0
008 250824s9999 xx 000 0 und d
245 0 _aUZAYIN DERİN KARANLIĞI
_cBARIŞ TOPRAK
260 _bFİHRİST KİTAP
999 _c1169788
_d1169788